000 00249 a2200097 4500
001 12847
100 _aGeradin, M
245 _aMechanical Vibrations:Theory and application to structural dynamics
260 _a
_bJohn Willey
_c
090 _c9830
_d9830
942 _aNUST-CAE
_cM
_c36745
999 _c247920
_d247920